000 00267nam a2200109Ia 4500
008 200302s9999 xx 000 0 und d
100 _aFaculty of Architecture
245 _aRSP Rajpipla
260 _bCept University Press Ahmedabad
260 _c2012
300 _a42 P.,
999 _c3209
_d3209